[Event "BL 2324 (Women)"]
[Site "Germany"]
[Date "2023.10.15"]
[Round "2.6"]
[White "Rogozenco, Teodora Nana"]
[Black "Giede, Anna Blume"]
[Result "1-0"]
[WhiteElo "1964"]
[BlackElo "1597"]
[PlyCount "51"]
[EventDate "2023.10.14"]
[EventType "team-tourn"]
[EventRounds "11"]
[EventCountry "GER"]
[SourceTitle "CB48_2023"]
[SourceDate "2023.11.29"]
[SourceVersion "1"]
[SourceVersionDate "2023.11.29"]
[SourceQuality "1"]
[WhiteTeam "Hamburger SK (W)"]
[BlackTeam "Harksheide (W)"]
[WhiteTeamCountry "GER"]
[BlackTeamCountry "GER"]

1. d4 Nf6 2. c4 e6 3. Nc3 Bb4 4. Qc2 0-0 5. e4 d5 6. e5 Nfd7 7. Nf3 c5 8. dxc5 Nxc5 9. Ng5 g6 10. a3 Bxc3+ 11. Qxc3 Ne4 12. Nxe4 dxe4 13. b4 b6 14. Be2 Bb7 15. 0-0 Nd7 16. Rd1 Qc7 17. Bb2 Rac8 18. Rd2 Ba6 19. Rc1 Rfd8 20. Rd6 Bb7 21. Rcd1 Nb8 22. a4 Rd7 23. c5 Bd5 24. R6xd5 Rxd5 25. Rxd5 exd5 26. e6 1-0

[Event "Bad Zwesten op 17th"]
[Site "Bad Zwesten"]
[Date "2017.01.06"]
[Round "7"]
[White "Wimmer, Thomas"]
[Black "Giede, Anna Blume"]
[Result "1/2-1/2"]
[WhiteElo "1900"]
[BlackElo "1506"]
[PlyCount "95"]
[EventDate "2017.01.02"]
[EventType "swiss"]
[EventRounds "7"]
[EventCountry "GER"]
[SourceTitle "CBM 176 Extra"]
[Source "ChessBase"]
[SourceDate "2017.03.02"]
[SourceVersion "1"]
[SourceVersionDate "2017.03.02"]
[SourceQuality "1"]

1. d4 d5 2. c4 c6 3. Nc3 Nf6 4. e3 Bf5 5. cxd5 cxd5 6. Qb3 Qb6 7. Nxd5 Qxb3 8. Nxf6+ exf6 9. axb3 Nd7 10. Bc4 Nb6 11. Bb5+ Bd7 12. Bxd7+ Kxd7 13. Ne2 Bd6 14. Nc3 a6 15. 0-0 Rac8 16. e4 Rhe8 17. f3 Ke7 18. Be3 Kf8 19. Rac1 Rc7 20. Na4 Nxa4 21. Rxc7 Bxc7 22. bxa4 Ke7 23. Rc1 Kd7 24. g4 Re6 25. h4 Rb6 26. Rb1 Rb3 27. Kf2 Ba5 28. d5 Bc3 29. Ke2 Rxb2+ 30. Rxb2 Bxb2 31. Kd3 Be5 32. Bc5 Bg3 33. h5 Be5 34. Kc4 Bc7 35. Bf8 g6 36. Bg7 Ke7 37. Kc5 Bd8 38. f4 Kd7 39. e5 fxe5 40. fxe5 Bc7 41. Bf6 Ba5 42. Bg5 Bc7 43. Bf4 Bd8 44. Bd2 Bc7 45. Kd4 Bd8 46. Ke4 Bc7 47. Bb4 Ke8 48. Kd4 1/2-1/2

[Event "GER-ch U16 Girls"]
[Site "Willingen"]
[Date "2015.05.28"]
[Round "7"]
[White "Giede, Anna Blume"]
[Black "Sewald, Kathrin"]
[Result "0-1"]
[WhiteElo "1374"]
[BlackElo "1779"]
[PlyCount "56"]
[EventDate "2015.05.24"]
[EventType "swiss"]
[EventRounds "9"]
[EventCountry "GER"]
[SourceTitle "CBM 166 Extra"]
[Source "ChessBase"]
[SourceDate "2015.06.18"]
[SourceVersion "1"]
[SourceVersionDate "2015.06.18"]
[SourceQuality "1"]

1. e4 e5 2. Nc3 Nc6 3. Bc4 Bc5 4. Nf3 Nge7 5. d3 h6 6. a3 d6 7. h3 a6 8. 0-0 0-0 9. Be3 Ba7 10. Qd2 Kh7 11. Bxa7 Rxa7 12. d4 f6 13. Rad1 Qe8 14. Qe3 Ra8 15. Ne2 g5 16. dxe5 fxe5 17. Ng3 Ng6 18. Rd3 Nf4 19. Rd2 Ne7 20. b4 Neg6 21. Bb3 Qe7 22. c4 Qg7 23. Rc1 Nh4 24. Ne1 g4 25. hxg4 Bxg4 26. c5 Nfxg2 27. Nxg2 Rf3 28. Qe1 Rxg3 0-1

[Event "GER-chT U14 Girls"]
[Site "Regensburg"]
[Date "2014.12.30"]
[Round "7.4"]
[White "Schneider, Katharina"]
[Black "Giede, Anna Blume"]
[Result "0-1"]
[WhiteElo "1153"]
[BlackElo "1421"]
[PlyCount "92"]
[EventDate "2014.12.27"]
[EventType "team-swiss"]
[EventRounds "7"]
[EventCountry "GER"]
[SourceTitle "EXT 2016"]
[Source "ChessBase"]
[SourceDate "2015.10.08"]
[SourceVersion "1"]
[SourceVersionDate "2015.10.08"]
[SourceQuality "1"]
[WhiteTeam "Sasbach"]
[BlackTeam "Harksheide"]
[WhiteTeamCountry "GER"]
[BlackTeamCountry "GER"]

1. e4 g6 2. Bc4 c6 3. Nc3 Bg7 4. f4 d6 5. Nf3 Nf6 6. d4 d5 7. exd5 cxd5 8. Be2 0-0 9. 0-0 Nc6 10. Be3 Bf5 11. a3 Qb6 12. Rb1 Rad8 13. Qd2 a6 14. Ne5 Ne4 15. Qd1 Nxe5 16. fxe5 Bxe5 17. dxe5 Qxe3+ 18. Kh1 Nf2+ 19. Rxf2 Qxf2 20. Nxd5 Kg7 21. Bf3 e6 22. h3 exd5 23. Rc1 Be4 24. Bxe4 dxe4 25. Qg4 e3 26. e6 fxe6 27. Qxe6 Rde8 28. Qg4 e2 29. Kh2 Qf4+ 30. Qxf4 Rxf4 31. Re1 Rf1 32. Rxe2 Rxe2 33. c4 Rxb2 34. a4 Rff2 35. Kg3 Rxg2+ 36. Kf3 Rh2 37. Kg3 Rbg2+ 38. Kf3 Rg1 39. Ke3 Rxh3+ 40. Kd4 Rc1 41. Kc5 Rhc3 42. Kb6 Rxc4 43. Kxb7 Rxa4 44. Kb6 Rb4+ 45. Ka5 Rb8 46. Kxa6 Ra1# 0-1

[Event "GER-chT U14 Girls"]
[Site "Regensburg"]
[Date "2014.12.29"]
[Round "5.4"]
[White "Bashylina, Luisa"]
[Black "Giede, Anna Blume"]
[Result "0-1"]
[WhiteElo "1006"]
[BlackElo "1421"]
[PlyCount "94"]
[EventDate "2014.12.27"]
[EventType "team-swiss"]
[EventRounds "7"]
[EventCountry "GER"]
[SourceTitle "EXT 2016"]
[Source "ChessBase"]
[SourceDate "2015.10.08"]
[SourceVersion "1"]
[SourceVersionDate "2015.10.08"]
[SourceQuality "1"]
[WhiteTeam "Solingen"]
[BlackTeam "Harksheide"]
[WhiteTeamCountry "GER"]
[BlackTeamCountry "GER"]

1. e4 g6 2. d4 c6 3. Nf3 Bg7 4. Nc3 d5 5. e5 f6 6. Bf4 fxe5 7. Bxe5 Nf6 8. Be2 0-0 9. Qd2 Bf5 10. Bf4 Nbd7 11. Bh6 Qc7 12. Bxg7 Kxg7 13. h3 e5 14. dxe5 Nxe5 15. 0-0-0 b5 16. g4 Be4 17. Qe3 Bxf3 18. Bxf3 Nxf3 19. Qxf3 Ne4 20. Qe3 Nxf2 21. Qd4+ Kg8 22. Rhg1 Nxd1 23. Rxd1 Qf4+ 24. Qxf4 Rxf4 25. Re1 Kf7 26. Re5 Re8 27. Rxe8 Kxe8 28. Ne2 Rf6 29. Kd2 Kd7 30. Kd3 Rf3+ 31. Kd4 Rxh3 32. Nf4 Rg3 33. Nd3 Rxg4+ 34. Kc3 Kd6 35. a3 h5 36. Nf2 Rg3+ 37. Kb4 h4 38. c3 h3 39. b3 h2 40. c4 bxc4 41. bxc4 Rg1 42. c5+ Kc7 43. a4 Rf1 44. Nd3 h1Q 45. Ka5 Qe4 46. Nb2 Kb7 47. Nd3 Rb1 0-1

[Event "BL2 West 1314 (Women)"]
[Site "Germany"]
[Date "2014.03.08"]
[Round "6.6"]
[White "Silber, Stefanie"]
[Black "Giede, Anna Blume"]
[Result "1/2-1/2"]
[WhiteElo "1342"]
[BlackElo "1423"]
[PlyCount "100"]
[EventDate "2013.11.30"]
[EventType "team-tourn"]
[EventRounds "7"]
[EventCountry "GER"]
[SourceTitle "EXT 2018"]
[Source "ChessBase"]
[SourceDate "2017.10.13"]
[SourceVersion "1"]
[SourceVersionDate "2017.10.13"]
[SourceQuality "1"]
[WhiteTeam "Delmenhorst (W)"]
[BlackTeam "Norderstedt Harksheide (W)"]
[WhiteTeamCountry "GER"]
[BlackTeamCountry "GER"]

1. e4 c6 2. d4 d5 3. Nc3 dxe4 4. Nxe4 Bf5 5. Ng3 Bg6 6. h4 h6 7. Nf3 Nd7 8. h5 Bh7 9. Bd3 Bxd3 10. Qxd3 Ngf6 11. Bf4 e6 12. 0-0 Be7 13. c4 c5 14. Rfe1 0-0 15. Rad1 cxd4 16. Nxd4 Rc8 17. b3 Bb4 18. Re2 Qb6 19. Qf3 Rfd8 20. Nb5 a6 21. Be3 Qc6 22. Nd4 Qxf3 23. Nxf3 Bc5 24. Bf4 Kf8 25. Red2 Bb4 26. Bd6+ Bxd6 27. Rxd6 Ke7 28. Kf1 Nc5 29. Rxd8 Rxd8 30. Rxd8 Kxd8 31. Ke2 Ke7 32. Nd4 Nce4 33. Nxe4 Nxe4 34. Ke3 Nf6 35. f3 Nxh5 36. g4 Nf6 37. a3 g5 38. b4 h5 39. gxh5 Nxh5 40. Ne2 f5 41. Kd4 Kd6 42. c5+ Kd7 43. Ke5 g4 44. fxg4 fxg4 45. a4 Ke7 46. b5 axb5 47. axb5 Kd7 48. c6+ bxc6 49. bxc6+ Kxc6 50. Kxe6 Kc5 1/2-1/2